Metal artists/albums/songs with a place name - Statistics

General Stats
  • This quiz has been taken 11 times
  • The average score is 3 of 15
Answer Stats
Hint Answer % Correct
Green Day - Song/Album American Idiot
55%
Van Halen - Song Panama
55%
Sex Pistols - Song Anarchy In The UK
36%
Are You Dead Yet? - Artist Children Of Bodom
36%
KISS - Song Detroit Rock City
36%
Rammstein - Song Amerika / Moskau / Frühling In Paris
27%
Judas Priest - Album British Steel
27%
The Offspring - Album Americana
18%
Dead Kennedys - Song California Uber Alles / Holiday in Cambodia
18%
Rage Against The Machine - Album The Battle of Los Angeles
9%
Dropkick Murphys - Song The State of Massachussetts / I'm Shipping Up To Boston
9%
Bad Religion - Song American Jesus / Los Angeles Is Burning
0%
Ramones - Album Rocket To Russia
0%
Manowar - Song Rome
0%
Iron Maiden - Song Transylvania / Paschendale
0%
No matching quizzes found
Score Distribution
Percent of People with Each Score
Percentile by Number Answered
Your Score History
You have not taken this quiz